[Event "23rd Abu Dhabi Masters"]
[Site "Abu Dhabi UAE"]
[Date "2016.08.29"]
[Round "9.40"]
[White "Igonin, Temur"]
[Black "Ramnath, Bhuvanesh R"]
[Result "0-1"]
[WhiteTitle "IM"]
[BlackTitle "IM"]
[WhiteElo "2466"]
[BlackElo "2307"]
[WhiteFideId "14203049"]
[BlackFideId "5026598"]
[EventDate "2016.08.21"]

1. e4 g6 2. d4 Bg7 3. Nf3 d6 4. Be2 Nf6 5. Nc3 O-O 6. O-O Bg4 7. Be3 Nc6 8. h3
Bxf3 9. Bxf3 e5 10. dxe5 dxe5 11. Nb5 Qe7 12. c3 Rfd8 13. Qb1 a6 14. Na3 Qf8 15.
Qc1 Nd7 16. b4 a5 17. b5 Na7 18. Rd1 Nc5 19. Rd5 Rxd5 20. exd5 e4 21. Be2 Rd8
22. c4 Nc8 23. Rb1 Nb6 24. Nc2 Nbd7 25. Qa3 b6 26. Nd4 Re8 27. Nc6 Qd6 28. Rd1
f5 29. g3 Qf8 30. h4 Bh6 31. Bxh6 Qxh6 32. d6 cxd6 33. Rxd6 Qf8 34. Rd5 Nf6 35.
Rd1 e3 36. f4 Nfe4 37. Qxe3 Nxg3 38. Qxg3 Rxe2 39. Qf3 Re8 40. Qd5+ Kg7 41. Ne5
Qf6 42. h5 Re7 43. hxg6 hxg6 44. Qd6 Re6 45. Qd8 Qxd8 46. Rxd8 g5 47. Nd7 Nxd7
48. Rxd7+ Kf6 49. Ra7 gxf4 50. Ra6 Ke5 51. Ra8 Kd4 52. Rc8 Re2 53. a4 Rc2 54.
Rf8 Rxc4 55. Rxf5 Ke3 56. Rf6 f3 57. Re6+ Re4 58. Rxb6 Ke2 59. Rf6 Rg4+ 60. Kh2
f2 61. Re6+ Kf3 62. Rf6+ Ke2 63. Re6+ Kf1 64. b6 Rxa4 65. b7 Rb4 66. Re7 a4 67.
Rc7 a3 68. Rc1+ Ke2 69. Kg2 Rxb7 70. Rc2+ Kd3 71. Ra2 f1=Q+ 0-1

[Event "23rd Abu Dhabi Masters"]
[Site "Abu Dhabi UAE"]
[Date "2016.08.29"]
[Round "9.41"]
[White "Das, Arghyadip"]
[Black "Muthaiah, AL"]
[Result "1/2-1/2"]
[WhiteTitle "IM"]
[WhiteElo "2457"]
[BlackElo "2289"]
[WhiteFideId "5003610"]
[BlackFideId "5092442"]
[EventDate "2016.08.21"]

1. e4 c5 2. Nf3 e6 3. d4 cxd4 4. Nxd4 Nc6 5. Nb5 Nf6 6. N1c3 Bb4 7. a3 Bxc3+ 8.
Nxc3 d5 9. Bd3 dxe4 10. Nxe4 Nxe4 11. Bxe4 Qxd1+ 12. Kxd1 e5 13. Be3 Be6 14. Kc1
f5 15. Bxc6+ bxc6 16. Re1 Kf7 17. Bc5 e4 18. Rd1 a6 19. Rd6 Rac8 20. Bb6 Ke7 21.
Rd4 Rb8 22. Rb4 Kd6 23. Be3 Rb5 24. b3 Rd8 25. Kb2 Kc7 26. Ra4 a5 27. c4 Rb7 28.
Rc1 h6 29. h4 Ra8 30. b4 Kc8 31. Kb3 g5 32. hxg5 hxg5 33. Rh1 Rd7 34. Rh8+ Kb7
35. Rxa8 Kxa8 36. Rxa5+ Kb8 37. Bxg5 Rd3+ 38. Kb2 Bxc4 39. Rxf5 Rb3+ 40. Kc2
Rxa3 41. Be3 Kc7 42. g4 Kd6 43. g5 Ra1 44. Kc3 Be6 45. Bc5+ Kd7 46. Rf6 Rd1 47.
g6 Rd3+ 48. Kc2 Rf3 49. Rf8 Rxf8 50. Bxf8 e3 51. Kd1 exf2 52. Ke2 Ke8 53. g7 Kf7
54. Kxf2 Kg8 55. Ke3 Bc4 56. Kf4 Bb5 57. Kg5 Ba4 58. Kf6 Bd1 59. Bc5 Bf3 60. Bd4
Bg2 61. Ke6 Bf3 62. Kd6 Be4 63. Kc5 Bf3 1/2-1/2

[Event "23rd Abu Dhabi Masters"]
[Site "Abu Dhabi UAE"]
[Date "2016.08.29"]
[Round "9.42"]
[White "Sarkar, Justin"]
[Black "Harikrishnan, A. Ra"]
[Result "1/2-1/2"]
[WhiteTitle "IM"]
[WhiteElo "2434"]
[BlackElo "2280"]
[WhiteFideId "2010011"]
[BlackFideId "5081483"]
[EventDate "2016.08.21"]

1. e4 e6 2. d4 d5 3. Nd2 Nf6 4. e5 Nfd7 5. Bd3 c5 6. c3 Nc6 7. Ne2 cxd4 8. cxd4
f6 9. exf6 Nxf6 10. O-O Bd6 11. Nf3 O-O 12. Bf4 Bxf4 13. Nxf4 Ne4 14. g3 Qf6 15.
h4 Rd8 16. Re1 Nxd4 17. Nxd4 Qxd4 18. Bxe4 dxe4 19. Qb3 Qb6 20. Qxb6 axb6 21.
Rxe4 Rd2 22. a3 Bd7 23. Nxe6 Bxe6 24. Rxe6 Rf8 25. Rf1 Rxb2 26. Re7 Rf3 27. Rxb7
Rxa3 28. Rc1 Rf3 29. Rc8+ Rf8 30. Rcc7 Rfxf2 31. Rxg7+ Kf8 32. Rgc7 Rg2+ 33. Kf1
Rbf2+ 34. Ke1 Re2+ 35. Kd1 Rd2+ 36. Kc1 Rde2 37. Rc8+ Re8 38. Rxe8+ Kxe8 39.
Rxb6 Rxg3 40. Rb7 h5 41. Rh7 Rc3+ 42. Kd2 Rc5 43. Ke3 Kf8 44. Kf4 Kg8 45. Re7
Ra5 46. Re5 Rxe5 47. Kxe5 1/2-1/2

[Event "23rd Abu Dhabi Masters"]
[Site "Abu Dhabi UAE"]
[Date "2016.08.29"]
[Round "9.43"]
[White "Derakhshani, Dorsa"]
[Black "Severina, Maria"]
[Result "1/2-1/2"]
[WhiteTitle "WIM"]
[BlackTitle "WIM"]
[WhiteElo "2405"]
[BlackElo "2262"]
[WhiteFideId "12500330"]
[BlackFideId "4116909"]
[EventDate "2016.08.21"]

1. e4 e5 2. Nf3 Nc6 3. Nc3 Nf6 4. d4 exd4 5. Nxd4 Bb4 6. Nxc6 bxc6 7. Bd3 d5 8.
exd5 cxd5 9. O-O O-O 10. Bg5 c6 11. Qf3 h6 12. Bxf6 Qxf6 13. Qxf6 gxf6 14. Ne2
Bd6 15. f4 Bg4 16. Ng3 h5 17. Nf5 Bc5+ 18. Kh1 Rab8 19. b3 Rfe8 20. Nh6+ Kg7 21.
Nxg4 hxg4 22. g3 Re7 23. Bf5 Rh8 24. Bxg4 f5 25. Bf3 Re3 26. Rad1 Rhe8 27. Rd2
a5 28. a4 Bb4 29. Rg2 Rc3 30. g4 fxg4 31. Bxg4 Kf6 32. h4 Bf8 33. Kh2 Bh6 34.
Bd1 Ree3 35. Bg4 Re4 36. Rgf2 Ree3 37. Rg2 Re4 38. Rgf2 Ree3 1/2-1/2

[Event "23rd Abu Dhabi Masters"]
[Site "Abu Dhabi UAE"]
[Date "2016.08.29"]
[Round "9.44"]
[White "Das, Sayantan"]
[Black "Hill, Alistair"]
[Result "1-0"]
[WhiteTitle "IM"]
[WhiteElo "2399"]
[BlackElo "2257"]
[WhiteFideId "5034426"]
[BlackFideId "432407"]
[EventDate "2016.08.21"]

1. e4 c5 2. Nf3 Nc6 3. Nc3 g6 4. d4 cxd4 5. Nxd4 Bg7 6. Be3 Nf6 7. Bc4 O-O 8.
Bb3 d5 9. exd5 Na5 10. Nde2 b6 11. Qd2 Bb7 12. O-O-O Nxb3+ 13. axb3 b5 14. Nxb5
Nxd5 15. Bd4 Nf6 16. f3 a6 17. Na3 Qc7 18. Qc3 Rac8 19. Qxc7 Rxc7 20. Nc3 h5 21.
h4 e6 22. Be5 Rfc8 23. Bxc7 Rxc7 24. Kb1 Kf8 25. Nc4 Ne8 26. Ne4 Ke7 27. Rhe1
Nf6 28. Ncd6 Nxe4 29. Nxe4 e5 30. b4 f5 31. Nc5 Bf6 32. c3 Bc8 33. Rd5 Be6 34.
Rdxe5 1-0

[Event "23rd Abu Dhabi Masters"]
[Site "Abu Dhabi UAE"]
[Date "2016.08.29"]
[Round "9.45"]
[White "Mohota, Nisha"]
[Black "Girish, A. Koushik"]
[Result "1/2-1/2"]
[WhiteTitle "IM"]
[BlackTitle "IM"]
[WhiteElo "2257"]
[BlackElo "2399"]
[WhiteFideId "5004330"]
[BlackFideId "5038448"]
[EventDate "2016.08.21"]

1. e4 c5 2. Nf3 d6 3. Bb5+ Nd7 4. O-O a6 5. Bd3 Ngf6 6. Re1 e5 7. c3 Be7 8. Bf1
O-O 9. d4 Qc7 10. dxe5 Nxe5 11. Nxe5 dxe5 12. c4 Rd8 13. Qc2 b5 14. cxb5 axb5
15. Bxb5 h6 16. Bc4 Ba6 17. Na3 Qb7 18. f3 Rdb8 19. Bxa6 Qxa6 20. Nc4 Qe6 21. b3
Ne8 22. Bb2 f6 23. Red1 Nc7 24. Ne3 Nb5 25. Qc4 Qxc4 26. Nxc4 Nd4 27. Rd2 Ra6
28. Kf2 Rba8 29. Ke1 Kf7 30. Kd1 Ke6 31. Ne3 g6 32. Bxd4 cxd4 33. Nd5 Bd6 34.
Ke2 f5 35. Rc2 Ra3 36. Rb2 R8a5 37. Nb6 Bb4 38. Nc4 Bc3 39. Nxa5 Rxa5 40. Rab1
Kd6 41. Rc2 Ra3 42. Kd3 Kc5 43. Rbc1 Kb4 44. g4 f4 45. h4 Ra6 46. Rb1 Ra8 47. a4
Ra6 48. Ra2 Ra5 49. Rg2 Ra6 50. Rh2 Ra8 51. g5 h5 52. Rc2 Ra6 53. Ra2 Ra5 54.
Rc2 Ra6 55. Re2 Ra8 56. Rc2 Ra6 57. Re2 Ra8 1/2-1/2

[Event "23rd Abu Dhabi Masters"]
[Site "Abu Dhabi UAE"]
[Date "2016.08.29"]
[Round "9.46"]
[White "Tissir, Mohamed"]
[Black "Patil, Pratik"]
[Result "1-0"]
[WhiteTitle "IM"]
[WhiteElo "2380"]
[BlackElo "2216"]
[WhiteFideId "9000240"]
[BlackFideId "5038758"]
[EventDate "2016.08.21"]

1. e4 c5 2. Nf3 e6 3. d4 cxd4 4. Nxd4 a6 5. Nc3 b5 6. Bd3 Qb6 7. Nb3 Qc7 8. O-O
Nf6 9. Qe2 Nc6 10. f4 d6 11. Bd2 Be7 12. Rae1 b4 13. Nd1 e5 14. Ne3 Be6 15. f5
Bxb3 16. axb3 Nd4 17. Qd1 Qb7 18. Ng4 O-O 19. Kh1 Rac8 20. Re3 Rfd8 21. Nxf6+
Bxf6 22. Bc4 Kf8 23. Bd5 Qa7 24. c3 bxc3 25. bxc3 Nb5 26. Qh5 h6 27. Rg3 Qd7 28.
Rxg7 Bxg7 29. f6 Bh8 30. Qxh6+ Kg8 31. Qg6+ 1-0

[Event "23rd Abu Dhabi Masters"]
[Site "Abu Dhabi UAE"]
[Date "2016.08.29"]
[Round "9.49"]
[White "Pujari, Rucha"]
[Black "Rajesh, V A V"]
[Result "0-1"]
[WhiteTitle "WFM"]
[BlackTitle "IM"]
[WhiteElo "2137"]
[BlackElo "2346"]
[WhiteFideId "5024528"]
[BlackFideId "5029317"]
[EventDate "2016.08.21"]

1. d4 Nf6 2. c4 g6 3. g3 Bg7 4. Bg2 d5 5. Nf3 O-O 6. O-O c6 7. cxd5 cxd5 8. Ne5
e6 9. Nc3 Nfd7 10. f4 Nc6 11. e3 f6 12. Nd3 Qe7 13. b4 Nb6 14. a4 Nc4 15. b5
N6a5 16. g4 f5 17. gxf5 gxf5 18. Kh1 Bd7 19. Rg1 Kh8 20. Ra2 Rac8 21. Bf1 Rg8
22. Rag2 Be8 23. Nb1 Bf7 24. Bd2 b6 25. Qf3 Nxd2 26. Nxd2 Qh4 27. Rg3 Bf6 28.
Rxg8+ Rxg8 29. Rxg8+ Kxg8 30. Qg2+ Qg4 31. Be2 Qg7 32. Qxg7+ Kxg7 33. Kg2 Be8
34. Kg3 Kf8 35. Ne5 Ke7 36. Kh3 Nb7 37. Nb3 Nd6 38. Nd2 Kd8 39. Bd3 Kc7 40. Ndf3
h6 41. Nd2 Bh5 42. Nc6 a6 43. Nb1 axb5 44. axb5 Be8 45. Nb4 Bxb5 46. Bxb5 Nxb5
47. Kg3 Nd6 48. Kf3 Ne4 49. Na3 Nc3 50. Nac2 b5 51. Na6+ Kd6 52. Nc5 Be7 53. Nd3
Kc7 54. Ncb4 Kb6 55. Kg3 Bxb4 56. Nxb4 Ka5 57. Nc6+ Ka4 58. Kh4 b4 59. Ne5 b3
60. Nd3 Nd1 61. Kh5 Kb5 62. Kxh6 Kc4 63. Ne5+ Kc3 64. h4 b2 65. h5 b1=Q 66. Kg6
Nxe3 67. h6 Ng4 68. h7 Nxe5+ 69. dxe5 Qh1 70. Kg7 d4 71. h8=Q Qxh8+ 72. Kxh8 Kc4 0-1

[Event "23rd Abu Dhabi Masters"]
[Site "Abu Dhabi UAE"]
[Date "2016.08.29"]
[Round "9.50"]
[White "Saim, Mohamed Ilias"]
[Black "Srinath, Rao S.V."]
[Result "0-1"]
[WhiteTitle "FM"]
[BlackTitle "FM"]
[WhiteElo "2109"]
[BlackElo "2261"]
[WhiteFideId "7900465"]
[BlackFideId "5028876"]
[EventDate "2016.08.21"]

1. e4 e6 2. d3 d5 3. Nd2 Nf6 4. Ngf3 b6 5. g3 dxe4 6. dxe4 Bc5 7. Bg2 Ba6 8. c4
Qd3 9. Bf1 Qd7 10. Be2 Bb7 11. Qc2 Nc6 12. O-O e5 13. a3 a5 14. Nb3 Nd4 15.
Nbxd4 Bxe4 16. Bd3 Bxd3 17. Qxd3 Bxd4 18. Nxd4 Qxd4 19. Qb3 O-O 20. Be3 Qg4 21.
f3 Qe6 22. Rae1 Rfe8 23. Qc2 h6 24. Re2 Qc6 25. Ref2 Rad8 26. Qf5 Qxc4 27. Bxh6
Qd3 28. Qg5 Qh7 29. Bxg7 Qxg7 30. Qc1 c5 31. h4 Rd3 32. Qc4 Rd4 33. Qc2 Rxh4 34.
Rg2 Rh3 35. g4 Nd5 36. Qa4 Rf8 37. Qe4 Nf4 0-1

[Event "23rd Abu Dhabi Masters"]
[Site "Abu Dhabi UAE"]
[Date "2016.08.29"]
[Round "9.51"]
[White "Hallaeva, Bahar"]
[Black "Rayes, Abdul Kader"]
[Result "0-1"]
[WhiteTitle "WFM"]
[WhiteElo "2103"]
[BlackElo "2254"]
[WhiteFideId "14000679"]
[BlackFideId "7600801"]
[EventDate "2016.08.21"]

1. e4 e6 2. d4 d5 3. e5 c5 4. c3 Nc6 5. Nf3 Qb6 6. a3 c4 7. g3 Na5 8. Nbd2 Bd7
9. Bh3 Be7 10. O-O h5 11. Rb1 g5 12. Bg2 g4 13. Ne1 O-O-O 14. h4 gxh3 15. Bxh3
Nh6 16. Kg2 Rdg8 17. Qxh5 Nf5 18. Qe2 Rh7 19. Ndf3 Qd8 20. Bxf5 exf5 21. Bf4 Be6
22. Nc2 Rgh8 23. Rh1 Qg8 24. Rbg1 Qg6 25. Qe1 Kd7 26. Ne3 Kc6 27. Qd1 b5 28.
Rxh7 Qxh7 29. Rh1 Qxh1+ 30. Qxh1 Rxh1 31. Kxh1 Nb3 32. Nh4 a5 33. Nhxf5 Bf8 34.
Bh6 Bxh6 35. Nxh6 Nc1 36. Kg2 Nd3 37. Nd1 b4 38. cxb4 axb4 39. axb4 Kb5 40. Kf3
Kxb4 41. Ke2 Kb3 42. Kd2 Nxb2 43. Nc3 Nd3 44. Nd1 Nb2 45. Nc3 Nd3 46. f4 Nf2 47.
f5 Ne4+ 48. Nxe4 dxe4 49. fxe6 c3+ 50. Ke2 fxe6 51. d5 c2 52. dxe6 c1=Q 53. e7
Qc2+ 54. Ke3 Qc5+ 55. Kxe4 Qxe7 56. Kf5 Qh7+ 57. Kg5 Qg7+ 0-1

[Event "23rd Abu Dhabi Masters"]
[Site "Abu Dhabi UAE"]
[Date "2016.08.29"]
[Round "9.52"]
[White "Deshpande, Aniruddha"]
[Black "Manush, Shah"]
[Result "1/2-1/2"]
[WhiteElo "2219"]
[BlackElo "2151"]
[WhiteFideId "5021774"]
[BlackFideId "5040680"]
[EventDate "2016.08.21"]

1. e4 c6 2. d4 d5 3. exd5 cxd5 4. c4 Nf6 5. Nc3 Nc6 6. Bg5 Ne4 7. cxd5 Nxc3 8.
bxc3 Qxd5 9. Nf3 Bg4 10. Qb3 Qxb3 11. axb3 h6 12. Bf4 Bxf3 13. gxf3 e6 14. Bb5
a6 15. Bxc6+ bxc6 16. Kd2 Kd7 17. Ra4 Bd6 18. Bxd6 Kxd6 19. c4 e5 20. dxe5+ Kxe5
21. Rha1 Kf4 22. Rxa6 Rad8+ 23. Kc3 Rd6 24. Rb6 Kxf3 25. Ra7 Rf8 26. Rc7 Kxf2
27. Rbxc6 Rxc6 28. Rxc6 f5 29. b4 f4 30. Rg6 f3 31. b5 Kf1 32. Ra6 f2 33. Ra1+
Kg2 34. c5 f1=Q 35. Rxf1 Rxf1 36. c6 Rc1+ 37. Kd4 Kxh2 38. Kd5 Rd1+ 39. Ke6 Re1+
40. Kd6 Rd1+ 41. Ke6 Re1+ 42. Kd7 Rd1+ 43. Ke6 Rc1 44. Kd6 Rd1+ 1/2-1/2

[Event "23rd Abu Dhabi Masters"]
[Site "Abu Dhabi UAE"]
[Date "2016.08.29"]
[Round "9.53"]
[White "Senthil, Maran K"]
[Black "Tarini, Goyal"]
[Result "0-1"]
[BlackTitle "WFM"]
[WhiteElo "2208"]
[BlackElo "2142"]
[WhiteFideId "25035681"]
[BlackFideId "5082749"]
[EventDate "2016.08.21"]

1. d4 d5 2. c4 e6 3. Nf3 Nf6 4. g3 Bb4+ 5. Nbd2 O-O 6. Qc2 b6 7. Bg2 Bb7 8. O-O
Nbd7 9. Ne5 c5 10. cxd5 Bxd5 11. Nc6 Bxc6 12. Bxc6 Rc8 13. Qa4 Bxd2 14. Bxd2 Nb8
15. Bg2 Qxd4 16. Qc2 Qd8 17. Rfd1 Qe7 18. Qa4 Rfd8 19. Bg5 h6 20. Bxf6 Qxf6 21.
Qxa7 Qxb2 22. Rdb1 Qxe2 23. Rxb6 c4 24. Bf1 Qe5 25. Rc1 c3 26. Rb5 Qd6 27. a4
Nc6 28. Qe3 Nd4 29. Rxc3 Nxb5 30. Rxc8 Rxc8 31. axb5 Qc5 32. Qf3 Rb8 33. Qe2 e5
34. h3 g6 35. Kh2 Rb6 36. Kg1 Kg7 37. h4 h5 38. Kh2 Rf6 39. Kg1 Rb6 40. Qb2 Qd4
41. Qe2 Qa1 42. Kh2 Qd4 43. Kg1 Re6 44. Bh3 Re7 45. Kh2 e4 46. Bg2 e3 47. fxe3
Rxe3 48. Qf2 Rd3 49. Qe1 Rd1 50. Qe2 Rd2 51. Qf3 Rb2 52. Qc6 Qf2 0-1

[Event "23rd Abu Dhabi Masters"]
[Site "Abu Dhabi UAE"]
[Date "2016.08.29"]
[Round "9.54"]
[White "Raja, Harshit"]
[Black "Aditya, Mittal"]
[Result "1-0"]
[BlackTitle "CM"]
[WhiteElo "2354"]
[BlackElo "2140"]
[WhiteFideId "5089000"]
[BlackFideId "35042025"]
[EventDate "2016.08.21"]

1. Nf3 d5 2. g3 Nf6 3. Bg2 e6 4. d4 Be7 5. O-O O-O 6. c4 dxc4 7. Qc2 a6 8. a4
Bd7 9. Qxc4 Bc6 10. Bf4 Nbd7 11. Nc3 Nb6 12. Qb3 Nbd5 13. Nxd5 Nxd5 14. Bd2 Nf6
15. Rac1 Bd5 16. Qc2 Rc8 17. Bg5 Be4 18. Qb3 h6 19. Bxf6 Bxf6 20. Rfd1 Qd5 21.
Qe3 b6 22. Ne1 Bxg2 23. Nxg2 e5 24. dxe5 Qxe5 25. Qxe5 Bxe5 26. b3 Rfd8 27. Ne3
Bd4 28. Nc4 Bc5 29. e3 f6 30. Kf1 Kf7 31. Ke2 Ke6 32. f4 Bb4 33. e4 Bc5 34. f5+
Ke7 35. Rxd8 Rxd8 36. Na5 Re8 37. Nc4 Kd7 38. Kd3 b5 39. Na5 Bd6 40. Nc6 Be5 41.
Rc5 Bd6 42. Rc2 Be5 43. Nb4 Bd6 44. Nc6 Be5 45. Rc1 Bb2 46. Rc5 Be5 47. Rc2 Bd6
48. Kd4 Ra8 49. Kd5 Rh8 50. Ra2 h5 51. axb5 axb5 52. Ra5 b4 53. Rb5 Ra8 54. Rb8
Rxb8 55. Nxb8+ Kc8 56. Nc6 Kd7 57. Nd4 Be5 58. Ne6 g5 59. Kc4 Bd6 60. Ng7 h4 61.
gxh4 gxh4 62. h3 Kc6 63. Ne6 Be7 64. Nd4+ Kd6 65. Nf3 c5 66. Nxh4 Bf8 67. Ng6
Bh6 68. h4 Be3 69. h5 Bh6 70. Nh8 Bf8 71. h6 Kd7 72. h7 1-0

[Event "23rd Abu Dhabi Masters"]
[Site "Abu Dhabi UAE"]
[Date "2016.08.29"]
[Round "9.55"]
[White "Geldiyeva, Mahri"]
[Black "Likhit, Chilukuri"]
[Result "0-1"]
[WhiteTitle "WGM"]
[WhiteElo "2285"]
[BlackElo "2133"]
[WhiteFideId "14000059"]
[BlackFideId "35005456"]
[EventDate "2016.08.21"]

1. d4 Nf6 2. c4 g6 3. Nc3 Bg7 4. e4 d6 5. f3 O-O 6. Be3 c5 7. Nge2 Nc6 8. Qd2
Qa5 9. h4 h5 10. d5 Ne5 11. Nc1 e6 12. Bh6 Bxh6 13. Qxh6 b5 14. dxe6 Bxe6 15.
cxb5 d5 16. Qf4 d4 17. Qxe5 Nd7 18. Qg5 dxc3 19. b3 Rfd8 20. Bd3 Nb6 21. O-O c4
22. bxc4 Nxc4 23. f4 Qb6+ 24. Kh1 Nd2 25. Rg1 Rxd3 26. Nxd3 Nxe4 27. Qe5 Qd8 28.
Rgd1 Bf5 29. g3 c2 30. Kg2 cxd1=Q 31. Rxd1 Qb6 32. a4 Rd8 33. Qb2 Qe3 0-1

[Event "23rd Abu Dhabi Masters"]
[Site "Abu Dhabi UAE"]
[Date "2016.08.29"]
[Round "9.56"]
[White "Ajay Krishna, S"]
[Black "Al Ghamdi, Ahmed M"]
[Result "1-0"]
[WhiteElo "2125"]
[BlackElo "2192"]
[WhiteFideId "5096430"]
[BlackFideId "21500150"]
[EventDate "2016.08.21"]

1. d4 d5 2. Nf3 Nf6 3. g3 c5 4. Bg2 cxd4 5. O-O h6 6. Nxd4 e5 7. Nb3 Nc6 8. c4
Be6 9. cxd5 Bxd5 10. Bh3 Ne4 11. Qd3 Ng5 12. Bxg5 hxg5 13. Bg4 Qd6 14. Rd1 Rd8
15. Qb5 a6 16. Qb6 Qb4 17. Qxb4 Bxb4 18. Nc3 Bxc3 19. bxc3 Ke7 20. Nc5 Na5 21.
Nd7 Be6 22. Nxe5 Rxd1+ 23. Rxd1 Bxa2 24. Ra1 Nc4 25. Nd3 Bb3 26. Bf3 Nd6 27. Nc5
Bc4 28. Nxb7 Rb8 29. Na5 Bb5 30. Nc6+ Bxc6 31. Bxc6 Rb3 32. c4 Nxc4 33. Bd5 Ra3
34. Rc1 Nd6 35. e4 Nb5 36. Rc6 g4 37. Rb6 Nd4 38. Kg2 Nf3 39. h3 Ne1+ 40. Kh1 f6
41. hxg4 Rf3 42. Kg1 Nd3 43. e5 Rxf2 44. Rb7+ Kd8 45. e6 Re2 46. Rd7+ Kc8 47.
Bb7+ Kb8 48. e7 Re1+ 49. Kg2 Nc5 50. Rd8+ Kxb7 51. e8=Q Rxe8 52. Rxe8 g5 53. Kf3
a5 54. Ke3 a4 55. Kd4 Nd7 56. Re2 Kc6 57. Ke4 Kb5 58. Kf5 a3 59. Ke6 Kc6 60. Ra2
Kc7 61. Rc2+ 1-0

[Event "23rd Abu Dhabi Masters"]
[Site "Abu Dhabi UAE"]
[Date "2016.08.29"]
[Round "9.57"]
[White "Dimarucut, Francis Erwin"]
[Black "Al-Zaabi, Sultan"]
[Result "1-0"]
[BlackTitle "CM"]
[WhiteElo "2172"]
[BlackElo "1698"]
[WhiteFideId "5209277"]
[BlackFideId "9307583"]
[EventDate "2016.08.21"]

1. d4 d5 2. Nf3 Nf6 3. Bf4 c5 4. c3 Bf5 5. Qb3 Qc8 6. dxc5 e6 7. Qa4+ Nbd7 8. b4
Be7 9. Nbd2 O-O 10. Nh4 Nh5 11. Bg3 Bf6 12. Rc1 Re8 13. e3 Qd8 14. Be2 Nxg3 15.
hxg3 Ne5 16. Nxf5 exf5 17. Qc2 g6 18. Nb3 Qe7 19. O-O Ng4 20. Bf3 Bg5 21. Bxg4
fxg4 22. Qd1 Qe4 23. Qd4 Qe6 24. Qd3 h5 25. Rcd1 Rad8 26. Nd4 Qf6 27. Nb5 h4 28.
gxh4 Bxe3 29. fxe3 Qxh4 30. Qd4 Re6 31. Nd6 Rd7 32. Rf4 Rdxd6 1-0

[Event "23rd Abu Dhabi Masters"]
[Site "Abu Dhabi UAE"]
[Date "2016.08.29"]
[Round "9.58"]
[White "Wafa, Shahenda"]
[Black "Dargan, Paul A G"]
[Result "1-0"]
[WhiteTitle "WIM"]
[BlackTitle "CM"]
[WhiteElo "2113"]
[BlackElo "2159"]
[WhiteFideId "10609962"]
[BlackFideId "416762"]
[EventDate "2016.08.21"]

1. e4 d5 2. exd5 Nf6 3. d4 Bg4 4. Nf3 Qxd5 5. Be2 Nc6 6. O-O O-O-O 7. c3 e5 8.
c4 Qe4 9. Nbd2 Qf5 10. d5 Bxf3 11. Nxf3 e4 12. Nd4 Nxd4 13. Qxd4 c5 14. Qe3 Bd6
15. Qa3 Kb8 16. Be3 Rc8 17. b4 Nd7 18. Rab1 Qe5 19. g3 g5 20. bxc5 Nxc5 21. Rb5
Qe7 22. Rfb1 Rc7 23. Ra5 a6 24. Qb2 Rd8 25. Qb6 f5 26. Bxc5 Rxc5 27. Rxa6 Kc8
28. Ra8+ Bb8 29. Qa7 Qc7 30. Rxb8+ 1-0

[Event "23rd Abu Dhabi Masters"]
[Site "Abu Dhabi UAE"]
[Date "2016.08.29"]
[Round "9.59"]
[White "Wang, Xinyue"]
[Black "Lakshmi, Narayanan M V"]
[Result "0-1"]
[WhiteElo "2092"]
[BlackElo "2155"]
[WhiteFideId "8603960"]
[BlackFideId "5040647"]
[EventDate "2016.08.21"]

1. d4 Nf6 2. c4 e6 3. Nc3 Bb4 4. Qc2 c5 5. dxc5 O-O 6. a3 Bxc5 7. Nf3 b6 8. g3
Bb7 9. Bg2 Be7 10. O-O d6 11. Rd1 Qc8 12. b3 a6 13. Bb2 Nbd7 14. Rac1 Qc7 15. e4
Rac8 16. Nd4 Rfd8 17. Qe2 Nc5 18. b4 Ncd7 19. Na4 Ne5 20. Nb3 Bc6 21. b5 Be8 22.
Rd4 Qb8 23. Nc3 a5 24. f4 Ng6 25. Na4 e5 26. fxe5 dxe5 27. Rxd8 Rxd8 28. Nc3 Nd7
29. Nd5 Bf8 30. Kh1 a4 31. Na1 Nc5 32. Nc2 Nb3 33. Rd1 Bc5 34. Bh3 Nf8 35. Ncb4
Qd6 36. Ne3 Nd4 37. Bxd4 exd4 38. Nf5 Qe5 39. Qd3 Ne6 40. Nd5 Rd7 41. Nh4 Qd6
42. Nf5 Qf8 43. Rf1 Kh8 44. Nh4 Qd6 45. Nf3 Kg8 46. e5 Qb8 47. Nd2 Qxe5 48. Ne4
h6 49. Rf5 Qb8 50. Qd2 Bf8 51. Qf2 d3 52. Nef6+ gxf6 53. Nxf6+ Kh8 54. Nxd7 Qb7+
55. Rd5 Bxd7 56. Bg2 Be8 57. Rxd3 Qc7 58. Bd5 Bg7 59. Qe2 Bd7 60. Qf1 Bc8 61.
Rf3 Kg8 62. Qd1 Ng5 63. Re3 Be6 64. h4 Qc5 65. Rd3 Nh3 66. Kg2 Nf2 67. Qe2 Nxd3
68. Bxe6 Ne5 69. Bd5 Qxa3 70. Qf2 Qc5 71. Qf5 a3 72. Qc2 Ng4 73. Qa2 Ne3+ 74.
Kh2 Nxd5 75. cxd5 Be5 0-1

[Event "23rd Abu Dhabi Masters"]
[Site "Abu Dhabi UAE"]
[Date "2016.08.29"]
[Round "9.60"]
[White "Mayed, AlRashedi"]
[Black "Mohamed, Anwar"]
[Result "1/2-1/2"]
[WhiteTitle "FM"]
[WhiteElo "2023"]
[BlackElo "2146"]
[WhiteFideId "9303871"]
[BlackFideId "12200182"]
[EventDate "2016.08.21"]

1. e4 e6 2. d4 d5 3. Nd2 Nc6 4. Ngf3 Nf6 5. e5 Nd7 6. b3 f6 7. Bb2 Be7 8. exf6
Bxf6 9. Bb5 Qe7 10. O-O O-O 11. Re1 Qf7 12. Bf1 Bxd4 13. Nxd4 Qxf2+ 14. Kh1 Nxd4
15. Ne4 dxe4 16. Bxd4 Qf5 17. Bc4 Nf6 18. Rf1 Qg4 19. Qd2 a6 20. Rae1 b5 21. Re3
bxc4 22. Rg3 e3 23. Qxe3 Qh4 24. Qe5 Bd7 25. Rf4 Qh6 26. Kg1 Rf7 27. Be3 Qh5 28.
Rg5 Qd1+ 29. Rf1 Qxc2 30. Rxf6 Qb1+ 31. Kf2 Raf8 32. Rxf7 Rxf7+ 33. Kg3 Qe1+ 34.
Kh3 cxb3 35. axb3 h6 36. Rg3 Kh7 37. Qe4+ Rf5 38. Rxg7+ Kxg7 39. Qe5+ 1/2-1/2